[Event "GRE-chT 41st"]
[Site "Achaia"]
[Date "2013.07.06"]
[Round "6.9"]
[White "Kalogiannidis, Ioannis"]
[Black "Vakalis, Angelos"]
[Result "0-1"]
[WhiteElo "2008"]
[BlackElo "1677"]
[PlyCount "92"]
[EventDate "2013.07.02"]
[EventType "team-swiss"]
[EventRounds "7"]
[EventCountry "GRE"]
[SourceTitle "CBM 155 Extra"]
[Source "ChessBase"]
[SourceDate "2013.08.26"]
[SourceVersion "1"]
[SourceVersionDate "2013.08.26"]
[SourceQuality "1"]
[WhiteTeam "Chania Kydon"]
[BlackTeam "Chess Spring"]
[WhiteTeamCountry "GRE"]
[BlackTeamCountry "GRE"]

1. e4 e5 2. Nf3 Nf6 3. d3 d6 4. g3 Be7 5. Bg2 0-0 6. 0-0 Re8 7. Bd2 c6 8. c4 Nbd7 9. Nc3 Bf8 10. Qc2 Nb6 11. Rfe1 Be6 12. b4 Qc7 13. Rab1 Rad8 14. Qb2 Qd7 15. Be3 Bh3 16. Bh1 Qc7 17. a4 h6 18. a5 Nc8 19. d4 Ng4 20. Bd2 exd4 21. Nxd4 Ne5 22. Qb3 Qd7 23. Nce2 c5 24. Nc2 Be6 25. Ne3 b5 26. axb6 Nxb6 27. Rec1 cxb4 28. f4 Nexc4 29. Rxc4 Nxc4 30. Nxc4 Rc8 31. Rc1 Qb5 32. Nd4 Bxc4 33. Nxb5 Bxb3 34. Rb1 Bc4 35. Nxa7 Rc7 36. Be3 d5 37. Bb6 Rb7 38. Bd4 dxe4 39. Nc6 Bd3 40. Rb3 Rc8 41. Ne5 Rbc7 42. Be3 Rc3 43. Rb2 b3 44. Nxd3 exd3 45. Bd5 Bc5 46. Bf2 Rc2 0-1

[Event "GRE-chT 41st"]
[Site "Achaia"]
[Date "2013.07.04"]
[Round "4.9"]
[White "Sidiropoulos, Nikolaos"]
[Black "Kalogiannidis, Ioannis"]
[Result "0-1"]
[WhiteElo "1949"]
[BlackElo "2008"]
[PlyCount "162"]
[EventDate "2013.07.02"]
[EventType "team-swiss"]
[EventRounds "7"]
[EventCountry "GRE"]
[SourceTitle "CBM 155 Extra"]
[Source "ChessBase"]
[SourceDate "2013.08.26"]
[SourceVersion "1"]
[SourceVersionDate "2013.08.26"]
[SourceQuality "1"]
[WhiteTeam "Peiraikos PG"]
[BlackTeam "Chania Kydon"]
[WhiteTeamCountry "GRE"]
[BlackTeamCountry "GRE"]

1. e4 c5 2. Nf3 e6 3. d4 cxd4 4. Nxd4 a6 5. Nc3 b5 6. Bd3 Bb7 7. Be3 Qc7 8. f4 Bb4 9. 0-0 Bxc3 10. bxc3 Qxc3 11. Qg4 Kf8 12. e5 f5 13. Qh4 Nc6 14. Nb3 Nce7 15. Nc5 Bc6 16. a4 Nd5 17. Bf2 bxa4 18. Nxa4 Qd2 19. Bc5+ Kf7 20. Qf2 Qxf2+ 21. Rxf2 Nge7 22. c4 Nc7 23. Bd6 Ra7 24. Nc5 h6 25. Rfa2 Rha8 26. Bxc7 Rxc7 27. Nxa6 Rca7 28. Nb4 Rxa2 29. Rxa2 Rxa2 30. Nxa2 g5 31. fxg5 hxg5 32. Be2 Be4 33. Bh5+ Kf8 34. Nb4 Nc8 35. Kf2 Nb6 36. Be2 f4 37. c5 Na4 38. Na6 Bb7 39. Bb5 Nc3 40. Nc7 Ne4+ 41. Kg1 Nxc5 42. Bxd7 Nxd7 43. Nxe6+ Ke7 44. Nxg5 Nxe5 45. Kf2 Kf6 46. h4 Kf5 47. Nh3 Nd3+ 48. Ke2 Bxg2 49. Nxf4 Nxf4+ 50. Kd2 Kg4 51. h5 Nxh5 52. Kc3 Kf4 53. Kd4 Be4 54. Kc4 Ke5 55. Kc3 Kd5 56. Kb4 Kd4 57. Kb3 Nf4 58. Kb4 Bd5 59. Ka3 Kc3 60. Ka4 Bc4 61. Ka3 Bb5 62. Ka2 Nd3 63. Ka1 Nc5 64. Ka2 Nb3 65. Ka3 Bc4 66. Ka2 Bd3 67. Ka3 Bb1 68. Ka4 Nd4 69. Ka3 Nb5+ 70. Ka4 Kc4 71. Ka5 Kc5 72. Ka4 Bc2+ 73. Ka5 Bb3 74. Ka6 Nd6 75. Ka5 Nb7+ 76. Ka6 Kc6 77. Ka7 Kc7 78. Ka6 Bc4+ 79. Ka7 Nd6 80. Ka8 Bb5 81. Ka7 Nc8+ 0-1

[Event "GRE-ch U18/20"]
[Site "Peristeri"]
[Date "2011.01.04"]
[Round "2"]
[White "Kalogiannidis, Ioannis"]
[Black "Dounis, Alexandros"]
[Result "1/2-1/2"]
[WhiteElo "2037"]
[BlackElo "2207"]
[PlyCount "36"]
[EventDate "2011.01.03"]
[EventType "swiss"]
[EventRounds "9"]
[EventCountry "GRE"]
[SourceTitle "CBM 140 Extra"]
[Source "ChessBase"]
[SourceDate "2011.03.01"]
[SourceVersion "1"]
[SourceVersionDate "2011.03.01"]
[SourceQuality "1"]

1. d4 Nf6 2. c4 g6 3. g3 Bg7 4. Bg2 d5 5. cxd5 Nxd5 6. Nf3 0-0 7. 0-0 Nc6 8. Nc3 Nb6 9. e3 Re8 10. Re1 e5 11. d5 Na5 12. e4 c6 13. b3 cxd5 14. exd5 e4 15. Nxe4 Bf5 16. Bg5 Qxd5 17. Nf6+ Bxf6 18. Bxf6 Be4 1/2-1/2

[Event "Thessaloniki op"]
[Site "Thessaloniki"]
[Date "2010.04.11"]
[Round "9"]
[White "Kalogiannidis, Ioannis"]
[Black "Klinova, Masha"]
[Result "0-1"]
[WhiteElo "2044"]
[BlackElo "2303"]
[PlyCount "90"]
[EventDate "2010.04.04"]
[EventType "swiss"]
[EventRounds "9"]
[EventCountry "GRE"]
[SourceTitle "CBM 135 Extra"]
[Source "ChessBase"]
[SourceDate "2010.05.04"]
[SourceVersion "1"]
[SourceVersionDate "2010.05.04"]
[SourceQuality "1"]

1. d4 d6 2. Nf3 g6 3. c4 Bg7 4. Nc3 Nf6 5. e4 0-0 6. h3 e5 7. d5 Nbd7 8. Bg5 h6 9. Be3 Nc5 10. Nd2 a5 11. g4 Ne8 12. h4 c6 13. g5 h5 14. Bxc5 dxc5 15. Bh3 f6 16. Bxc8 Rxc8 17. gxf6 Qxf6 18. Qe2 Bh6 19. Rh3 Nd6 20. f3 Kh7 21. 0-0-0 Qf4 22. Kc2 Rf7 23. b3 a4 24. Qh2 axb3+ 25. axb3 Qf6 26. Qg1 Bf8 27. Ra1 Be7 28. Kd3 Qf4 29. Ne2 Qh6 30. Nc3 Qf8 31. Qh2 Bf6 32. Qf2 Ne8 33. Ra5 Be7 34. Rh1 Nf6 35. Qh2 cxd5 36. Nxd5 Nxd5 37. cxd5 c4+ 38. bxc4 Bb4 39. Rb5 Bxd2 40. Kxd2 Rxc4 41. Qxe5 Qa3 42. f4 Rfc7 43. Rb2 Qf3 44. Re1 Qf2+ 45. Re2 Rd4+ 0-1

[Event "GRE-ch U20"]
[Site "Peristeri"]
[Date "2010.01.04"]
[Round "2"]
[White "Papadopoulos, Georgios4"]
[Black "Kalogiannidis, Ioannis"]
[Result "0-1"]
[WhiteElo "1846"]
[BlackElo "2038"]
[PlyCount "130"]
[EventDate "2010.01.03"]
[EventType "swiss"]
[EventRounds "9"]
[EventCountry "GRE"]
[SourceTitle "CBM 134 Extra"]
[Source "ChessBase"]
[SourceDate "2010.03.03"]
[SourceVersion "1"]
[SourceVersionDate "2010.03.03"]
[SourceQuality "1"]

1. e4 d5 2. exd5 Qxd5 3. Nc3 Qd6 4. d4 Nf6 5. Bc4 a6 6. Nge2 e6 7. 0-0 b5 8. Bb3 Bb7 9. Bf4 Qd7 10. Qd3 c5 11. dxc5 Qxd3 12. cxd3 Bxc5 13. d4 Be7 14. Rfd1 b4 15. Na4 Nbd7 16. Rac1 Nd5 17. Nc5 Nxc5 18. dxc5 Bc6 19. Bd6 Bxd6 20. cxd6 Kd7 21. Nd4 Bb5 22. Nxb5 axb5 23. Bxd5 exd5 24. Rxd5 Rhc8 25. Rxc8 Rxc8 26. g3 Rc2 27. b3 Rxa2 28. Rxb5 Kxd6 29. Rxb4 Rb2 30. Kg2 Ke6 31. Rb5 g6 32. b4 h5 33. Rb6+ Kf5 34. b5 Rb3 35. Rb8 Kf6 36. b6 Kf5 37. h4 Kf6 38. Rf8 Kf5 39. Rb8 Kf6 40. b7 Rb2 41. Kf1 Kf5 42. Ke1 Kg4 43. Kd1 Rxb7 44. Rd8 Kf3 45. Rd4 Kg2 46. Rf4 Re7 47. Kd2 f5 48. Rd4 Ra7 49. Ke1 Ra1+ 50. Ke2 Ra2+ 51. Ke1 Rxf2 52. Rd6 Rf3 53. Rxg6 Rxg3 54. Rh6 f4 55. Rxh5 Rg4 56. Rf5 f3 57. Rf8 Re4+ 58. Kd2 Rxh4 59. Ke3 Rh3 60. Rf7 Rg3 61. Rf8 Rg7 62. Rf6 Re7+ 63. Kd2 f2 64. Rg6+ Kf1 65. Ra6 Rg7 0-1

[Event "Akhisar Manisa ol U16"]
[Site "Akhisar Manisa"]
[Date "2009.10.01"]
[Round "8"]
[White "Kalogiannidis, Ioannis"]
[Black "Gor, Onur"]
[Result "1/2-1/2"]
[WhiteElo "2038"]
[BlackElo "1784"]
[PlyCount "128"]
[EventDate "2009.09.25"]
[EventType "team-swiss"]
[EventRounds "10"]
[EventCountry "TUR"]
[SourceTitle "CBM 132 Extra"]
[Source "ChessBase"]
[SourceDate "2009.11.03"]
[SourceVersion "1"]
[SourceVersionDate "2009.11.03"]
[SourceQuality "1"]

1. e4 c5 2. Nf3 Nc6 3. d4 cxd4 4. Nxd4 Qb6 5. Be3 Qxb2 6. Nb3 Qe5 7. N1d2 Qc7 8. f4 d6 9. Bd3 Nf6 10. h3 e6 11. 0-0 Be7 12. f5 exf5 13. exf5 Nd5 14. Qf3 Nxe3 15. Qxe3 Ne5 16. Rae1 0-0 17. f6 Bxf6 18. Rxf6 Nxd3 19. cxd3 gxf6 20. Qh6 Qc3 21. Re3 Bf5 22. Rg3+ Bg6 23. h4 Qe5 24. Kh2 Kh8 25. Nc4 Qh5 26. Qf4 Qf5 27. Qh6 Rfd8 28. Ne3 Qh5 29. Qf4 Qe5 30. Qh6 Qh5 31. Qf4 Qe5 32. Qh6 Rg8 33. d4 Qh5 34. Qf4 f5 35. Nd5 Kg7 36. Rg5 Qh6 37. Ne7 Kh8 38. Nxg8 Rxg8 39. d5 f6 40. Rxf5 Qxf4+ 41. Rxf4 Kg7 42. Na5 Rb8 43. Rc4 Bf7 44. Rc7 Kg6 45. h5+ Kg7 46. Nxb7 Kg8 47. Nxd6 Bxd5 48. h6 Bxa2 49. Rxa7 Bd5 50. Rg7+ Kh8 51. Nf7+ Bxf7 52. Rxf7 Rg8 53. Rxf6 Rg6 54. Rxg6 hxg6 55. g4 g5 56. Kg3 Kh7 57. Kf3 Kxh6 58. Ke4 Kg6 59. Ke5 Kg7 60. Kf5 Kf7 61. Kxg5 Kg7 62. Kf5 Kf7 63. g5 Kg7 64. g6 Kg8 1/2-1/2

[Event "Akhisar Manisa ol U16"]
[Site "Akhisar Manisa"]
[Date "2009.09.26"]
[Round "3"]
[White "Kalogiannidis, Ioannis"]
[Black "Walker, Samuel"]
[Result "0-1"]
[WhiteElo "2038"]
[BlackElo "1951"]
[PlyCount "38"]
[EventDate "2009.09.25"]
[EventType "team-swiss"]
[EventRounds "10"]
[EventCountry "TUR"]
[SourceTitle "CBM 132 Extra"]
[Source "ChessBase"]
[SourceDate "2009.11.03"]
[SourceVersion "1"]
[SourceVersionDate "2009.11.03"]
[SourceQuality "1"]

1. e4 c5 2. Nf3 g6 3. d4 cxd4 4. Nxd4 Nc6 5. Nc3 Bg7 6. Be3 Nf6 7. Bc4 0-0 8. Bb3 a5 9. f3 d6 10. Qd2 Bd7 11. g4 a4 12. Bc4 Qa5 13. h4 Qb4 14. Be2 a3 15. bxa3 Rxa3 16. Ncb5 Rxe3 17. c3 Nxd4 18. Qxe3 Nc2+ 19. Kf2 Qa5 0-1

[Event "Aegean op 32nd"]
[Site "Aghios Kirykos"]
[Date "2009.07.14"]
[Round "4"]
[White "Hrabinska, Myroslava"]
[Black "Kalogiannidis, Ioannis"]
[Result "1-0"]
[WhiteElo "2267"]
[BlackElo "2020"]
[PlyCount "59"]
[EventDate "2009.07.11"]
[EventType "swiss"]
[EventRounds "9"]
[EventCountry "GRE"]
[SourceTitle "CBM 131 Extra"]
[Source "ChessBase"]
[SourceDate "2009.09.03"]
[SourceVersion "2"]
[SourceVersionDate "2009.09.16"]
[SourceQuality "1"]

1. e4 d5 2. exd5 Qxd5 3. Nc3 Qd6 4. d4 Nf6 5. Nf3 a6 6. Ne5 Nc6 7. Bf4 Ng4 8. Bc4 Ngxe5 9. dxe5 Nxe5 10. Bxf7+ Kxf7 11. Qh5+ g6 12. Qxe5 Qxe5+ 13. Bxe5 Bg7 14. Bxg7 Kxg7 15. 0-0-0 Bf5 16. Rhe1 Kf7 17. Rd4 Rad8 18. Rf4 Ke8 19. g4 Bc8 20. Ne4 e6 21. g5 Ke7 22. Rh4 Rd5 23. Re3 h5 24. gxh6 Rh5 25. Rxh5 gxh5 26. Rg3 Rxh6 27. Rg7+ Kd8 28. Rg8+ Kd7 29. Nc5+ Kc6 30. Nd3 1-0

[Event "Nikaia op 16th"]
[Site "Nikaia"]
[Date "2008.08.31"]
[Round "8"]
[White "Klokas, Konstantinos"]
[Black "Kalogiannidis, Ioannis"]
[Result "0-1"]
[WhiteElo "2167"]
[BlackElo "1999"]
[PlyCount "51"]
[EventDate "2008.08.25"]
[EventType "swiss"]
[EventRounds "9"]
[EventCountry "GRE"]
[SourceTitle "CBM 126 Extra"]
[Source "ChessBase"]
[SourceDate "2008.11.05"]
[SourceVersion "1"]
[SourceVersionDate "2008.11.05"]
[SourceQuality "1"]

1. e4 c5 2. Nf3 Nc6 3. d4 cxd4 4. Nxd4 Qb6 5. Nb3 Nf6 6. Nc3 e6 7. Qe2 d6 8. g4 Be7 9. Be3 Qc7 10. 0-0-0 a6 11. Bg2 b5 12. a3 Bb7 13. g5 Nd7 14. f4 b4 15. axb4 Nxb4 16. f5 exf5 17. exf5 0-0 18. f6 gxf6 19. Bd4 Ne5 20. Bxb7 Qxb7 21. gxf6 Bxf6 22. Ne4 Bg7 23. Rhg1 Ng6 24. Bxg7 Kxg7 25. Nxd6 Qc6 26. Nd4 0-1

[Event "Nikaia op 16th"]
[Site "Nikaia"]
[Date "2008.08.30"]
[Round "6"]
[White "Nikolaidis, Konstantinos"]
[Black "Kalogiannidis, Ioannis"]
[Result "1/2-1/2"]
[WhiteElo "2279"]
[BlackElo "1999"]
[PlyCount "46"]
[EventDate "2008.08.25"]
[EventType "swiss"]
[EventRounds "9"]
[EventCountry "GRE"]
[SourceTitle "CBM 126 Extra"]
[Source "ChessBase"]
[SourceDate "2008.11.05"]
[SourceVersion "1"]
[SourceVersionDate "2008.11.05"]
[SourceQuality "1"]

1. d4 Nf6 2. c4 g6 3. Nc3 Bg7 4. e4 d6 5. Nf3 0-0 6. h3 e5 7. d5 a5 8. Bg5 Na6 9. Nd2 Nc5 10. Be2 c6 11. 0-0 h6 12. Be3 Nfd7 13. Nb3 Nxb3 14. axb3 c5 15. Nb5 Nf6 16. Nc3 b6 17. Qd2 Kh7 18. Rae1 Nd7 19. Bd1 Qe7 20. Kh1 Ba6 21. Rg1 Rae8 22. Kh2 Bc8 23. Na4 Ba6 1/2-1/2

[Event "Nikaia Fysiolatriko op 06th"]
[Site "Nikaia"]
[Date "2008.06.23"]
[Round "4"]
[White "Kostouros, Alexandros"]
[Black "Kalogiannidis, Ioannis"]
[Result "1/2-1/2"]
[WhiteElo "2206"]
[BlackElo "1998"]
[PlyCount "93"]
[EventDate "2008.06.21"]
[EventType "swiss"]
[EventRounds "7"]
[EventCountry "GRE"]
[SourceTitle "EXT 2010"]
[Source "ChessBase"]
[SourceDate "2010.11.25"]
[SourceVersion "1"]
[SourceVersionDate "2010.11.25"]
[SourceQuality "1"]

1. e4 c5 2. c3 Nf6 3. e5 Nd5 4. d4 cxd4 5. cxd4 d6 6. Bd2 Nc6 7. Nf3 Bg4 8. Be2 dxe5 9. dxe5 e6 10. Nc3 Bc5 11. 0-0 0-0 12. Nxd5 Qxd5 13. Bc3 Qxd1 14. Rfxd1 Rfd8 15. Kf1 Kf8 16. a3 a5 17. h3 Bh5 18. g4 Bg6 19. Bb5 Rxd1+ 20. Rxd1 Ke7 21. Ke2 h6 22. Nd4 Be4 23. Nxc6+ Bxc6 24. Bxc6 bxc6 25. Bd4 Bxd4 26. Rxd4 Rb8 27. b4 Rb5 28. f4 f6 29. exf6+ gxf6 30. Kd3 axb4 31. Rxb4 Ra5 32. a4 h5 33. Kc4 hxg4 34. hxg4 Kd6 35. Kb3 Ra8 36. g5 Rg8 37. gxf6 Rg3+ 38. Kc2 Rg6 39. a5 Rxf6 40. a6 Rf7 41. Kd3 Ra7 42. Ra4 Kc5 43. Ke4 Kb5 44. Ra3 Rxa6 45. Rxa6 Kxa6 46. Ke5 c5 47. Kxe6 1/2-1/2

[Event "Egaleo Neanika Attikis U18"]
[Site "Egaleo"]
[Date "2007.12.09"]
[Round "5"]
[White "Dounis, Alexandros"]
[Black "Kalogiannidis, Ioannis"]
[Result "1-0"]
[WhiteElo "2190"]
[BlackElo "1904"]
[PlyCount "47"]
[EventDate "2007.12.04"]
[EventType "swiss"]
[EventRounds "5"]
[EventCountry "GRE"]
[SourceTitle "EXT 2024"]
[Source "ChessBase"]
[SourceDate "2023.10.10"]
[SourceVersion "1"]
[SourceVersionDate "2023.10.10"]
[SourceQuality "1"]

1. Nf3 Nf6 2. g3 g6 3. Bg2 Bg7 4. 0-0 0-0 5. d4 d6 6. Re1 Nbd7 7. e4 e5 8. Nc3 c6 9. a4 Qc7 10. h3 Re8 11. Be3 Nf8 12. Qd2 Be6 13. Rad1 Rad8 14. Bh6 Qb6 15. b3 Bc8 16. Bxg7 Kxg7 17. Qe3 exd4 18. Nxd4 c5 19. Ndb5 Re6 20. Qd2 a6 21. e5 axb5 22. exf6+ Kg8 23. Nd5 Qa7 24. Qh6 1-0

[Event "Egaleo Neanika Attikis U18"]
[Site "Egaleo"]
[Date "2007.11.30"]
[Round "1"]
[White "Kalogiannidis, Ioannis"]
[Black "Aggelis, Nikolaos"]
[Result "1/2-1/2"]
[WhiteElo "1904"]
[BlackElo "2075"]
[PlyCount "63"]
[EventDate "2007.12.04"]
[EventType "swiss"]
[EventRounds "5"]
[EventCountry "GRE"]
[SourceTitle "EXT 2024"]
[Source "ChessBase"]
[SourceDate "2023.10.10"]
[SourceVersion "1"]
[SourceVersionDate "2023.10.10"]
[SourceQuality "1"]

1. d4 Nf6 2. c4 g6 3. Nc3 d5 4. Nf3 Bg7 5. Bg5 Ne4 6. Bh4 Nxc3 7. bxc3 c5 8. cxd5 Qxd5 9. e3 Nc6 10. Be2 0-0 11. 0-0 cxd4 12. cxd4 e5 13. dxe5 Qxd1 14. Rfxd1 Nxe5 15. Nd4 Bg4 16. f3 Bd7 17. Rab1 b6 18. Ba6 Bc8 19. Bf1 Bb7 20. e4 Rfc8 21. Nb5 Nc4 22. Rd7 Bc6 23. Rxa7 Nd2 24. Rb4 Nxf1 25. Rxa8 Rxa8 26. Kxf1 Rxa2 27. Nd4 Bd7 28. Bd8 b5 29. Nxb5 Bf8 30. Rb1 Bc5 31. Bh4 Rc2 32. Nc7 1/2-1/2

[Event "Nikaia op 15th"]
[Site "Nikaia"]
[Date "2007.08.28"]
[Round "7"]
[White "Kalogiannidis, Ioannis"]
[Black "Balaskas, Panayotis"]
[Result "0-1"]
[WhiteElo "1904"]
[BlackElo "2145"]
[PlyCount "70"]
[EventDate "2007.08.23"]
[EventType "swiss"]
[EventRounds "9"]
[EventCountry "GRE"]
[SourceTitle "CBM 120 Extra"]
[Source "ChessBase"]
[SourceDate "2007.11.01"]
[SourceVersion "1"]
[SourceVersionDate "2007.11.01"]
[SourceQuality "1"]

1. d4 b5 2. a4 b4 3. c4 d5 4. e3 a5 5. Nf3 Ba6 6. Nbd2 Nf6 7. Be2 e6 8. 0-0 Nbd7 9. cxd5 exd5 10. Bxa6 Rxa6 11. Qe2 Qa8 12. b3 Re6 13. Ng5 Re7 14. Bb2 h6 15. Ndf3 Re6 16. Rac1 c6 17. Ne5 Nxe5 18. dxe5 Nd7 19. f4 g6 20. f5 gxf5 21. Rxf5 Bg7 22. Qh5 0-0 23. Rcf1 Qe8 24. Nf3 c5 25. g4 Qe7 26. g5 c4 27. Bd4 c3 28. Nh4 c2 29. Rf6 Rxe5 30. Nf5 Rxf5 31. R6xf5 Bxd4 32. gxh6 Qxe3+ 33. Kg2 c1Q 34. Rxc1 Qxc1 35. Qg4+ Kh7 0-1

[Event "Heraklio op-A 11th"]
[Site "Heraklion"]
[Date "2007.06.10"]
[Round "2"]
[White "Kalogiannidis, Ioannis"]
[Black "Girvalakis, Spyridon"]
[Result "0-1"]
[WhiteElo "1847"]
[BlackElo "2114"]
[PlyCount "74"]
[EventDate "2007.06.09"]
[EventType "swiss"]
[EventRounds "9"]
[EventCountry "GRE"]
[SourceTitle "EXT 2008"]
[Source "ChessBase"]
[SourceDate "2007.11.25"]
[SourceVersion "1"]
[SourceVersionDate "2007.11.25"]
[SourceQuality "1"]

1. d4 Nf6 2. c4 e6 3. Nc3 Bb4 4. Bg5 h6 5. Bh4 g5 6. Bg3 Ne4 7. Qc2 Bxc3+ 8. bxc3 Nxg3 9. hxg3 Nc6 10. e3 b6 11. Bd3 Bb7 12. g4 Qf6 13. Be4 0-0-0 14. Ne2 Kb8 15. Ng3 Qe7 16. Rb1 Qa3 17. Kd2 Na5 18. Bxb7 Kxb7 19. Rb4 d5 20. cxd5 exd5 21. Nf5 Nc4+ 22. Kd1 a5 23. Rb3 Qa4 24. Rxh6 Rxh6 25. Nxh6 Rh8 26. Nxf7 Rh1+ 27. Ke2 Ra1 28. Nd8+ Kc8 29. Qf5+ Kxd8 30. Qxd5+ Kc8 31. Qg8+ Kb7 32. Qd5+ Ka7 33. Qd8 Rxa2+ 34. Ke1 Ra1+ 35. Ke2 Qa2+ 36. Kd3 Ne5+ 37. dxe5 Rd1+ 0-1

[Event "Athens Smaok op 1th"]
[Site "Athens"]
[Date "2006.12.08"]
[Round "5"]
[White "Andronis, Vasilios"]
[Black "Kalogiannidis, Ioannis"]
[Result "1-0"]
[WhiteElo "2076"]
[BlackElo "1838"]
[PlyCount "51"]
[EventDate "2006.11.10"]
[EventType "swiss"]
[EventRounds "6"]
[EventCountry "GRE"]
[SourceTitle "EXT 2024"]
[Source "ChessBase"]
[SourceDate "2023.10.10"]
[SourceVersion "1"]
[SourceVersionDate "2023.10.10"]
[SourceQuality "1"]

1. d4 Nf6 2. Nf3 g6 3. c4 Bg7 4. Nc3 d6 5. e4 0-0 6. Be2 Na6 7. 0-0 e5 8. Be3 Ng4 9. Bg5 Qe8 10. h3 Nf6 11. dxe5 dxe5 12. Qc2 c6 13. Rfd1 h6 14. Be3 Nh5 15. Qd2 g5 16. Nxg5 Nf4 17. Nf3 Nxe2+ 18. Nxe2 Kh7 19. Ng3 f5 20. exf5 Bxf5 21. Nxf5 Rxf5 22. Qd7 Qf7 23. Rd6 Rg8 24. Rad1 Rxf3 25. gxf3 Qxf3 26. Rxh6# 1-0

[Event "Athens Smaok op 1th"]
[Site "Athens"]
[Date "2006.11.10"]
[Round "1"]
[White "Tassopoulos, Marios"]
[Black "Kalogiannidis, Ioannis"]
[Result "1/2-1/2"]
[WhiteElo "2223"]
[BlackElo "1838"]
[PlyCount "70"]
[EventDate "2006.11.10"]
[EventType "swiss"]
[EventRounds "6"]
[EventCountry "GRE"]
[SourceTitle "EXT 2024"]
[Source "ChessBase"]
[SourceDate "2023.10.10"]
[SourceVersion "1"]
[SourceVersionDate "2023.10.10"]
[SourceQuality "1"]

1. Nf3 Nf6 2. b3 g6 3. Bb2 Bg7 4. g3 0-0 5. Bg2 d6 6. d4 c6 7. 0-0 d5 8. e3 Bg4 9. h3 Bxf3 10. Bxf3 e6 11. Nd2 Nbd7 12. c4 Rc8 13. Qe2 Re8 14. Rfd1 Qa5 15. a3 b5 16. c5 Qc7 17. Bg2 e5 18. dxe5 Nxe5 19. Nf3 Nxf3+ 20. Bxf3 Ne4 21. Bxg7 Kxg7 22. Qb2+ Qe5 23. Qxe5+ Rxe5 24. Bxe4 Rxe4 25. Rd4 Rce8 26. Rad1 a5 27. Rxe4 Rxe4 28. Rd3 f5 29. f3 Re7 30. Kf2 Kf6 31. Rd4 g5 32. h4 h6 33. h5 Rg7 34. Ke2 g4 35. f4 Re7 1/2-1/2

[Event "Peiraikos 60th Anniv op"]
[Site "Piraeus"]
[Date "2006.09.07"]
[Round "6"]
[White "Kalogiannidis, Ioannis"]
[Black "Barbounis, Ioannis"]
[Result "1-0"]
[WhiteElo "1796"]
[BlackElo "1270"]
[PlyCount "113"]
[EventDate "2006.09.02"]
[EventType "swiss"]
[EventRounds "7"]
[EventCountry "GRE"]
[SourceTitle "EXT 2008"]
[Source "ChessBase"]
[SourceDate "2007.11.25"]
[SourceVersion "1"]
[SourceVersionDate "2007.11.25"]
[SourceQuality "1"]

1. d4 d5 2. Bg5 Bf5 3. e3 c6 4. Nf3 Nd7 5. c4 Ngf6 6. Nc3 h6 7. Bh4 e6 8. Qb3 Qc7 9. Bg3 Qb6 10. Qxb6 Nxb6 11. c5 Nbd7 12. Be2 Be7 13. 0-0 0-0 14. b4 Ne4 15. Nxe4 Bxe4 16. a4 Bxf3 17. Bxf3 Bf6 18. Bg4 Rfe8 19. Bd6 Rad8 20. b5 Nb8 21. f4 Nd7 22. bxc6 bxc6 23. Rab1 Be7 24. Bxe7 Rxe7 25. Rb7 Ra8 26. Rfb1 Kf8 27. Bf3 g6 28. Rc7 Ne5 29. Rxe7 Nxf3+ 30. gxf3 Kxe7 31. Rb7+ Ke8 32. Rc7 Rb8 33. Rxc6 Rb3 34. Kf2 Rb2+ 35. Kf1 Rb3 36. Ke2 Rb2+ 37. Kd3 Rxh2 38. Ra6 h5 39. Rxa7 h4 40. Ra8+ Kd7 41. Rh8 h3 42. a5 Kc7 43. a6 Rh1 44. Ke2 h2 45. Kf2 Ra1 46. Rxh2 Rxa6 47. Rh7 Ra2+ 48. Kg3 Ra3 49. Rxf7+ Kd8 50. Rg7 Rxe3 51. Rxg6 Ke7 52. f5 e5 53. Re6+ Kd7 54. Rxe5 Rxe5 55. dxe5 Kc6 56. f6 Kd7 57. f7 1-0

[Event "Peiraikos 60th Anniv op"]
[Site "Piraeus"]
[Date "2006.09.05"]
[Round "4"]
[White "Kalogiannidis, Ioannis"]
[Black "Spirou, Panagiotis"]
[Result "1/2-1/2"]
[WhiteElo "1796"]
[BlackElo "2078"]
[PlyCount "44"]
[EventDate "2006.09.02"]
[EventType "swiss"]
[EventRounds "7"]
[EventCountry "GRE"]
[SourceTitle "EXT 2008"]
[Source "ChessBase"]
[SourceDate "2007.11.25"]
[SourceVersion "1"]
[SourceVersionDate "2007.11.25"]
[SourceQuality "1"]

1. Nf3 Nf6 2. g3 Nc6 3. Bg2 d5 4. d3 Bf5 5. 0-0 e6 6. Nbd2 Bg6 7. Re1 Bc5 8. Nb3 Be7 9. Bg5 0-0 10. c3 a5 11. a4 Nd7 12. Bxe7 Qxe7 13. Nfd2 Nf6 14. e4 dxe4 15. Nxe4 Nxe4 16. Bxe4 Rfd8 17. Bxg6 hxg6 18. d4 Qf6 19. Qe2 b6 20. Nd2 e5 21. Ne4 Qf5 22. Qb5 Qe6 1/2-1/2

[Event "Peiraikos 60th Anniv op"]
[Site "Piraeus"]
[Date "2006.09.04"]
[Round "3"]
[White "Asvestopoulou, Evdokia"]
[Black "Kalogiannidis, Ioannis"]
[Result "0-1"]
[WhiteElo "1010"]
[BlackElo "1796"]
[PlyCount "34"]
[EventDate "2006.09.02"]
[EventType "swiss"]
[EventRounds "7"]
[EventCountry "GRE"]
[SourceTitle "EXT 2008"]
[Source "ChessBase"]
[SourceDate "2007.11.25"]
[SourceVersion "1"]
[SourceVersionDate "2007.11.25"]
[SourceQuality "1"]

1. Nf3 d5 2. g3 Nf6 3. Bg2 Bf5 4. 0-0 e6 5. d4 c5 6. b3 Nc6 7. Bb2 cxd4 8. Nxd4 Nxd4 9. Bxd4 Be7 10. Nd2 Qc7 11. c4 dxc4 12. Nxc4 Rd8 13. e3 b5 14. Nd2 e5 15. Bb2 Bb4 16. Bc1 Qc3 17. Bb2 Qxb2 0-1